Šance spotrebných úverov sa vďaka záložnému registru zvyšujú
Spotrebným úverom sa otvárajú nové perspektívy pri nákupe osobných automobilov. Prostredníctvom lízingu sa v súčasnosti financuje zhruba polovica všetkých predaných áut. Zvyšok nákupov sa realizuje v hotovosti. Na tento trh sa však začína sústreďovať ponuka viacerých bánk. Po zjednodušení zabezpečen...
Saved in:
| Main Author: | |
|---|---|
| Format: | Book Chapter |
| Language: | Slovak |
| Subjects: | |
| Tags: |
No Tags, Be the first to tag this record!
|
MARC
| LEADER | 00000naa a2200000 4500 | ||
|---|---|---|---|
| 001 | r047729 | ||
| 005 | 20230921114711.5 | ||
| 041 | 0 | |a slo | |
| 044 | |a SK | ||
| 245 | 1 | 0 | |a Šance spotrebných úverov sa vďaka záložnému registru zvyšujú |c Peter Apolen |
| 520 | |a Spotrebným úverom sa otvárajú nové perspektívy pri nákupe osobných automobilov. Prostredníctvom lízingu sa v súčasnosti financuje zhruba polovica všetkých predaných áut. Zvyšok nákupov sa realizuje v hotovosti. Na tento trh sa však začína sústreďovať ponuka viacerých bánk. Po zjednodušení zabezpečenia svojich úverov na osobné autá môžu banky začať konkurovať lízingu. | ||
| 610 | 2 | 0 | |a lízing |
| 610 | 2 | 0 | |a automobily osobné |
| 610 | 2 | 0 | |a úver spotrebiteľský |
| 610 | 2 | 0 | |a banky |
| 610 | 2 | 0 | |a nákup |
| 610 | 2 | 0 | |a hotovosť |
| 610 | 2 | 0 | |a Slovensko |
| 100 | 1 | |a Apolen, Peter | |